Central Library OPAC University of Rajshahi

Quest for new science : (Record no. 56779)

MARC details
000 -LEADER
fixed length control field 00763nam a2200229 a 4500
001 - CONTROL NUMBER
control field 56779
003 - CONTROL NUMBER IDENTIFIER
rucl marc code BD-RjUL
005 - DATE AND TIME OF LATEST TRANSACTION
control field 20211209080431.0
008 - FIXED-LENGTH DATA ELEMENTS--GENERAL INFORMATION
fixed length control field 161204s1984 ii a b 100 0 eng
035 ## - SYSTEM CONTROL NUMBER
System control number (BD-RjUL)56903
040 ## - CATALOGING SOURCE
Original cataloging agency DLC
Transcribing agency DLC
Modifying agency DLC
-- BD-RjUL
Language of cataloging eng
041 ## - LANGUAGE CODE
Language code of text/sound track or separate title eng
082 00 - DEWEY DECIMAL CLASSIFICATION NUMBER
Classification number 509.1767
Edition number 23
Author mark and year QUE 1984
245 00 - TITLE STATEMENT
Title Quest for new science :
Remainder of title selected papers of a seminar /
Statement of responsibility, etc. edited by Rais Ahmad, Syed Naseem Ahmad.
260 ## - PUBLICATION, DISTRIBUTION, ETC. (IMPRINT)
Place of publication, distribution, etc. Aligarh :
Name of publisher, distributor, etc. Centre for Studies on Science,
Date of publication, distribution, etc. c1984.
300 ## - PHYSICAL DESCRIPTION
Pagination 270 p. :
Illustrations ill. ;
Size 25 cm.
650 #0 - SUBJECT ADDED ENTRY--TOPICAL TERM
Topical term or geographic name as entry element Science
Geographic subdivision Islamic Empire
General subdivision History
-- Congresses.
9 (RLIN) 168849
Topical term or geographic name as entry element Science
General subdivision Methodology
-- Congresses.
9 (RLIN) 168850
700 0# - ADDED ENTRY--PERSONAL NAME
Personal name Ahmad, Rais.
Personal name Ahmad, Syed Naseem.
942 ## - ADDED ENTRY ELEMENTS (KOHA)
Source of classification or shelving scheme Dewey Decimal Classification
Koha item type Books
Holdings
Lost status Source of classification or shelving scheme Damaged status Not for loan Collection code Permanent Location Current Location Shelving location Date acquired Source of acquisition Cost, normal purchase price Total Checkouts Full call number Date last seen Copy number Koha item type
  Dewey Decimal Classification   Not For Loan Non-fiction Central Library, University of Rajshahi Central Library, University of Rajshahi Reading Room 27/02/1989 Karim int. 125.00   509.1767 QUE 1984 04/12/2016 C-1 Books